Statistics for Cities starting with Y and Z in China

Click here to take the quiz!

General Stats

  • This quiz has been taken 21 times
    (18 since last reset)
  • The average score is 3 of 12

Answer Stats

Answer% Correct
Zhengzhou
83%
Yinchuan
58%
Zibo
50%
Yangjiang
25%
Zhangjiakou
25%
Yining
17%
Zhanjiang
17%
Zhaozhuang
17%
Yaotong
8%
Yichung
8%
Yueyang
8%
Zhouzhao
8%

Score Distribution

Percentile by Number Answered

Percent of People with Each Score

Your Score History

You have not taken this quiz since the last reset